[Event "CRO-chT1B 28th"]
[Site "Mali Losinj"]
[Date "2019.10.04"]
[Round "7.16"]
[White "Grgurevic, Boris"]
[Black "Bubalovic, Davorin"]
[Result "0-1"]
[WhiteElo "2177"]
[BlackElo "2212"]
[PlyCount "78"]
[EventDate "2019.09.28"]
[EventType "team-tourn"]
[EventRounds "9"]
[EventCountry "CRO"]
[SourceTitle "EXT 2020"]
[Source "ChessBase"]
[SourceDate "2019.10.17"]
[SourceVersion "1"]
[SourceVersionDate "2019.10.17"]
[SourceQuality "1"]
[WhiteTeam "Sibenik"]
[BlackTeam "Vinkovci"]
[WhiteTeamCountry "CRO"]
[BlackTeamCountry "CRO"]

1. e4 c5 2. b3 Nc6 3. Nc3 g6 4. Bb2 e5 5. Nf3 Bg7 6. Bc4 d6 7. 0-0 Nf6 8. Re1 0-0 9. Nd5 Be6 10. Nxf6+ Qxf6 11. Bxe6 Qxe6 12. Qe2 Rfe8 13. c3 d5 14. d3 d4 15. c4 a5 16. Bc1 Bf6 17. Bd2 Reb8 18. Reb1 b5 19. cxb5 Rxb5 20. Be1 a4 21. Nd2 Bg5 22. Nc4 axb3 23. a4 Rbb8 24. Qd1 b2 25. Rxb2 Rxb2 26. Nxb2 f5 27. f3 Be3+ 28. Kh1 fxe4 29. fxe4 Rf8 30. Bd2 Rf2 31. Nc4 Bxd2 32. Nxd2 Nb4 33. Nc4 Nc2 34. Rc1 Ne3 35. Nxe3 dxe3 36. Qe1 Qg4 37. Qg1 Qf4 38. a5 e2 39. a6 Qxc1 0-1

[Event "CRO-chT1B 27th"]
[Site "Biograd"]
[Date "2018.09.16"]
[Round "2.46"]
[White "Grgurevic, Boris"]
[Black "Matanovic, Luka"]
[Result "0-1"]
[WhiteElo "2145"]
[BlackElo "2252"]
[PlyCount "108"]
[EventDate "2018.09.15"]
[EventType "team-swiss"]
[EventRounds "9"]
[EventCountry "CRO"]
[SourceTitle "CBM 186 Extra"]
[Source "ChessBase"]
[SourceDate "2018.08.24"]
[SourceVersion "1"]
[SourceVersionDate "2018.08.24"]
[SourceQuality "1"]
[WhiteTeam "Sibenik"]
[BlackTeam "Slavonski Brod Dakovic"]
[WhiteTeamCountry "CRO"]
[BlackTeamCountry "CRO"]

1. e4 e5 2. Bc4 Nf6 3. d3 Nc6 4. Nf3 Bc5 5. Be3 Bxe3 6. fxe3 d5 7. exd5 Nxd5 8. Qd2 0-0 9. 0-0 Nb6 10. Bb3 Qe7 11. Nc3 Be6 12. Bxe6 Qxe6 13. e4 Rad8 14. Qg5 Qg6 15. Qxg6 hxg6 16. a4 a5 17. Nb5 Rd7 18. Rf2 f6 19. b3 Nd8 20. Rd1 Ne6 21. Rfd2 Rfd8 22. Kf2 g5 23. d4 g4 24. Nh4 exd4 25. Nf5 c6 26. Na3 Kh7 27. Ke1 g6 28. Ng3 Kg7 29. Kf2 Ng5 30. Nb1 c5 31. Na3 Re8 32. c3 Nxe4+ 33. Nxe4 Rxe4 34. cxd4 Rexd4 35. Rxd4 cxd4 36. Rd3 f5 37. Nb5 Kf6 38. Rxd4 Ke5 39. Rxd7 Nxd7 40. Na3 Kd4 41. Nb5+ Kd3 42. Kg3 Nc5 43. h4 gxh3 44. gxh3 Ke3 45. Kg2 f4 46. Kf1 Nxb3 47. Nc3 Nc5 48. h4 Kf3 49. Nd5 Kg3 50. Ne7 f3 51. Nxg6 Ne4 52. Ke1 f2+ 53. Ke2 Nc3+ 54. Kf1 Nd5 0-1

[Event "CRO-chT1B 25th"]
[Site "Sibenik"]
[Date "2016.10.10"]
[Round "3.5"]
[White "Petrov, Jole"]
[Black "Grgurevic, Boris"]
[Result "1-0"]
[WhiteElo "2400"]
[BlackElo "2153"]
[PlyCount "131"]
[EventDate "2016.10.08"]
[EventType "team-tourn"]
[EventRounds "9"]
[EventCountry "CRO"]
[SourceTitle "EXT 2017"]
[Source "ChessBase"]
[SourceDate "2016.10.25"]
[SourceVersion "1"]
[SourceVersionDate "2016.10.25"]
[SourceQuality "1"]
[WhiteTeam "Rijeka Rijeka"]
[BlackTeam "Sibenik"]
[WhiteTeamCountry "CRO"]
[BlackTeamCountry "CRO"]

1. Nf3 c5 2. c3 Nf6 3. d4 e6 4. Bg5 cxd4 5. cxd4 Be7 6. Nc3 d6 7. e3 Qa5 8. Bd3 Bd7 9. 0-0 Bc6 10. a3 Nbd7 11. e4 h6 12. b4 Qd8 13. Bh4 b6 14. Re1 0-0 15. Bg3 Bb7 16. Qb3 Nh5 17. Rac1 Nxg3 18. hxg3 a6 19. Rc2 Rc8 20. Rec1 Bg5 21. Nxg5 Qxg5 22. d5 e5 23. Qa4 b5 24. Qa5 Qd8 25. Qxd8 Rfxd8 26. a4 bxa4 27. Ra1 Nb6 28. Nxa4 Nxa4 29. Rxa4 Rxc2 30. Bxc2 Kf8 31. Bd3 Ra8 32. f4 f6 33. Kf2 Ke7 34. Ke3 Kd7 35. Ra1 Kc7 36. fxe5 fxe5 37. Rf1 Rd8 38. g4 Rd7 39. g5 hxg5 40. Rf5 Kb6 41. Rxg5 a5 42. bxa5+ Kxa5 43. Rf5 Rc7 44. Rf8 Kb6 45. Rd8 Kc5 46. Be2 Bc8 47. Kf2 Bd7 48. Ke3 Ra7 49. Bf3 Ra3+ 50. Kf2 Ra7 51. Kg3 Bb5 52. Kg4 Rd7 53. Rc8+ Kd4 54. Kf5 Ra7 55. Rb8 Bd3 56. Rb6 g6+ 57. Ke6 Bc2 58. Kxd6 Ra4 59. Ke7 Bxe4 60. Bxe4 Kxe4 61. d6 Rd4 62. d7 Rxd7+ 63. Kxd7 g5 64. Ke6 Kf4 65. Rb4+ e4 66. Kd5 1-0

[Event "CRO-chT1B 25th"]
[Site "Sibenik"]
[Date "2016.10.09"]
[Round "2.1"]
[White "Grgurevic, Boris"]
[Black "Bubalovic, Davorin"]
[Result "1/2-1/2"]
[WhiteElo "2153"]
[BlackElo "2246"]
[PlyCount "45"]
[EventDate "2016.10.08"]
[EventType "team-tourn"]
[EventRounds "9"]
[EventCountry "CRO"]
[SourceTitle "EXT 2017"]
[Source "ChessBase"]
[SourceDate "2016.10.25"]
[SourceVersion "1"]
[SourceVersionDate "2016.10.25"]
[SourceQuality "1"]
[WhiteTeam "Sibenik"]
[BlackTeam "Vinkovci"]
[WhiteTeamCountry "CRO"]
[BlackTeamCountry "CRO"]

1. e4 c5 2. c3 d5 3. exd5 Qxd5 4. d4 Nc6 5. Nf3 Bf5 6. Be3 cxd4 7. cxd4 Bxb1 8. Qxb1 e5 9. dxe5 Bb4+ 10. Bd2 Bxd2+ 11. Nxd2 Rd8 12. Qc2 Nge7 13. Nf3 Nxe5 14. Be2 0-0 15. 0-0 N7c6 16. Qc3 Qe6 17. Rfe1 Rfe8 18. Nxe5 Qxe5 19. Qxe5 Rxe5 20. Bf3 Kf8 21. Kf1 Rxe1+ 22. Rxe1 Rd2 23. Bxc6 1/2-1/2

[Event "CRO Cup"]
[Site "Mali Losinj"]
[Date "2016.05.05"]
[Round "3.102"]
[White "Trbojevic, Mladen"]
[Black "Grgurevic, Boris"]
[Result "1-0"]
[WhiteElo "2397"]
[BlackElo "2174"]
[PlyCount "63"]
[EventDate "2016.05.04"]
[EventType "team-swiss"]
[EventRounds "6"]
[EventCountry "CRO"]
[SourceTitle "CBM 172 Extra"]
[Source "ChessBase"]
[SourceDate "2016.06.21"]
[SourceVersion "1"]
[SourceVersionDate "2016.06.21"]
[SourceQuality "1"]
[WhiteTeam "Strigova Stridon"]
[BlackTeam "Sibenik"]
[WhiteTeamCountry "CRO"]
[BlackTeamCountry "CRO"]

1. g3 Nf6 2. Bg2 g6 3. f4 Bg7 4. Nf3 d5 5. 0-0 c5 6. d3 Nc6 7. Nc3 0-0 8. e4 dxe4 9. dxe4 e5 10. Be3 b6 11. h3 Nh5 12. Qe1 Ba6 13. Rf2 Qb8 14. f5 Nxg3 15. Ng5 Nh5 16. Nd5 Nf4 17. f6 Bh6 18. Rxf4 exf4 19. Bxf4 Qxf4 20. Nxf4 Bxg5 21. Nd5 Rac8 22. Qg3 Bh6 23. Qh4 Bg7 24. fxg7 Kxg7 25. Qf6+ Kg8 26. h4 Bc4 27. h5 gxh5 28. Kh2 Bxd5 29. exd5 Nd4 30. Rg1 Rfd8 31. Be4+ Kf8 32. d6 1-0

[Event "CRO-chT1B 24th"]
[Site "Bol"]
[Date "2015.10.08"]
[Round "6.54"]
[White "Grgurevic, Boris"]
[Black "Zovko, Mario"]
[Result "0-1"]
[WhiteElo "2206"]
[BlackElo "2293"]
[PlyCount "156"]
[EventDate "2015.10.03"]
[EventType "team-tourn"]
[EventRounds "9"]
[EventCountry "CRO"]
[SourceTitle "CBM 168 Extra"]
[Source "ChessBase"]
[SourceDate "2015.10.29"]
[SourceVersion "1"]
[SourceVersionDate "2015.10.29"]
[SourceQuality "1"]
[WhiteTeam "Sibenik"]
[BlackTeam "Vukovar 91"]
[WhiteTeamCountry "CRO"]
[BlackTeamCountry "CRO"]

1. e4 e6 2. d4 d5 3. Nd2 c5 4. dxc5 Bxc5 5. Bd3 Nc6 6. Ngf3 Nf6 7. exd5 exd5 8. 0-0 0-0 9. c3 h6 10. h3 Re8 11. Nb3 Bb6 12. Bf4 Ne4 13. Nbd4 Qf6 14. Be3 Bd7 15. Nxc6 bxc6 16. Bxb6 axb6 17. Re1 Nc5 18. Rxe8+ Rxe8 19. Bc2 Bf5 20. Nd4 Bg6 21. Bxg6 Qxg6 22. Qg4 Qf6 23. Rd1 g6 24. f3 h5 25. Qg3 Na4 26. Rd2 h4 27. Qg4 Nc5 28. Kf1 Ne4 29. Rd1 Ng3+ 30. Kg1 c5 31. Nb3 Re5 32. f4 Rf5 33. Nd2 Rxf4 34. Qc8+ Kg7 35. Nf3 Rxf3 36. gxf3 Qxf3 37. Qg4 Ne2+ 38. Kh2 Qf2+ 39. Qg2 Qf4+ 40. Kh1 Ng3+ 41. Kg1 d4 42. cxd4 cxd4 43. Qd2 Qe4 44. Kf2 Qf5+ 45. Kg1 Kh7 46. Qf2 Qd5 47. Kh2 Nf5 48. b3 Qe5+ 49. Kg1 Kg7 50. Rd3 Qc5 51. Rf3 Kg8 52. Kh2 Qc7+ 53. Kg1 Qc1+ 54. Qf1 Qg5+ 55. Kh2 Ng3 56. Qe1 Kg7 57. Rd3 Qf4 58. Kg2 Nf5 59. Qf2 Ne3+ 60. Kg1 Qe4 61. Qe2 Qe5 62. Qf2 Qc5 63. Kh2 Qe5+ 64. Kg1 Qe4 65. Qe2 g5 66. a4 Kg6 67. b4 f5 68. a5 bxa5 69. bxa5 Qe5 70. Qf3 g4 71. hxg4 fxg4 72. Rxe3 Qxe3+ 73. Qxe3 dxe3 74. a6 g3 75. Kf1 h3 76. a7 g2+ 77. Ke2 g1Q 78. a8Q Qg2+ 0-1

[Event "CRO-chT1B 24th"]
[Site "Bol"]
[Date "2015.10.05"]
[Round "3.34"]
[White "Loncar, Robert"]
[Black "Grgurevic, Boris"]
[Result "1-0"]
[WhiteElo "2354"]
[BlackElo "2206"]
[PlyCount "107"]
[EventDate "2015.10.03"]
[EventType "team-tourn"]
[EventRounds "9"]
[EventCountry "CRO"]
[SourceTitle "CBM 168 Extra"]
[Source "ChessBase"]
[SourceDate "2015.10.29"]
[SourceVersion "1"]
[SourceVersionDate "2015.10.29"]
[SourceQuality "1"]
[WhiteTeam "Kastel Stari Sedlar"]
[BlackTeam "Sibenik"]
[WhiteTeamCountry "CRO"]
[BlackTeamCountry "CRO"]

1. d4 g6 2. e4 Bg7 3. Nf3 d6 4. Nc3 Nf6 5. h3 0-0 6. Bd3 c6 7. Be3 Nbd7 8. 0-0 e5 9. Re1 Re8 10. Qd2 exd4 11. Bxd4 Ne5 12. Be2 Nxf3+ 13. Bxf3 Be6 14. Rad1 Qe7 15. b3 Red8 16. Nd5 Nxd5 17. exd5 cxd5 18. Bxg7 Kxg7 19. Bxd5 Rac8 20. Re2 Qf6 21. Bxb7 Rc7 22. Bd5 Rc5 23. Bxe6 fxe6 24. Qe1 e5 25. c4 Rb8 26. Red2 Rb6 27. Rd3 a5 28. Qd2 a4 29. Rxd6 Rxd6 30. Qxd6 Qxd6 31. Rxd6 axb3 32. axb3 Ra5 33. f3 Ra1+ 34. Kh2 Rb1 35. Rb6 Kf7 36. c5 Ke7 37. b4 Kd7 38. Rb7+ Kc6 39. Rxh7 Rxb4 40. Rg7 Kxc5 41. Rxg6 Kd5 42. Kg3 Ra4 43. h4 Rb4 44. h5 Rb1 45. Kh4 Rh1+ 46. Kg5 Rh2 47. g4 Kd4 48. Rf6 Rh3 49. Rf5 e4 50. fxe4 Kxe4 51. h6 Rh2 52. Kg6 Rh4 53. g5 Rh1 54. Rf8 1-0

[Event "CRO-CupT final"]
[Site "Sibenik"]
[Date "2015.05.23"]
[Round "5.13"]
[White "Grgurevic, Boris"]
[Black "Matosevic, Ivica"]
[Result "1/2-1/2"]
[WhiteElo "2220"]
[BlackElo "1919"]
[PlyCount "85"]
[EventDate "2015.05.20"]
[EventType "team-swiss"]
[EventRounds "6"]
[EventCountry "CRO"]
[SourceTitle "CBM 166 Extra"]
[Source "ChessBase"]
[SourceDate "2015.06.18"]
[SourceVersion "1"]
[SourceVersionDate "2015.06.18"]
[SourceQuality "1"]
[WhiteTeam "Sibenik"]
[BlackTeam "Nova Gradiska"]
[WhiteTeamCountry "CRO"]
[BlackTeamCountry "CRO"]

1. e4 d5 2. exd5 Qxd5 3. Nc3 Qa5 4. Bc4 Nf6 5. d3 c6 6. Bd2 Qc7 7. Nf3 Bg4 8. h3 Bh5 9. g4 Bg6 10. Qe2 Nbd7 11. Nh4 e6 12. 0-0-0 Bd6 13. Nf5 0-0-0 14. Nxd6+ Qxd6 15. f4 h5 16. Ne4 Qe7 17. Nxf6 Qxf6 18. Qf2 Kb8 19. Bc3 e5 20. Rhf1 hxg4 21. fxe5 Qxf2 22. Rxf2 gxh3 23. Bxf7 Rdf8 24. e6 Bxf7 25. e7 Bd5 26. exf8Q+ Rxf8 27. Rxf8+ Nxf8 28. Rf1 Nd7 29. Be1 Kc8 30. Bg3 Kd8 31. c4 Be6 32. Kd2 Ke7 33. b3 g5 34. Ke3 Nf6 35. a4 Ng4+ 36. Ke4 c5 37. d4 cxd4 38. Kxd4 Bd7 39. Rh1 Nh6 40. Bc7 Nf5+ 41. Kd3 g4 42. Rg1 g3 43. Rxg3 1/2-1/2

[Event "CRO-CupT final"]
[Site "Sibenik"]
[Date "2015.05.20"]
[Round "1.2"]
[White "Lalic, Bogdan"]
[Black "Grgurevic, Boris"]
[Result "1/2-1/2"]
[WhiteElo "2483"]
[BlackElo "2220"]
[PlyCount "99"]
[EventDate "2015.05.20"]
[EventType "team-swiss"]
[EventRounds "6"]
[EventCountry "CRO"]
[SourceTitle "CBM 166 Extra"]
[Source "ChessBase"]
[SourceDate "2015.06.18"]
[SourceVersion "1"]
[SourceVersionDate "2015.06.18"]
[SourceQuality "1"]
[WhiteTeam "Solin Cemex"]
[BlackTeam "Sibenik"]
[WhiteTeamCountry "CRO"]
[BlackTeamCountry "CRO"]

1. c4 Nf6 2. Nc3 g6 3. e4 d6 4. d4 Bg7 5. Nf3 0-0 6. h3 e5 7. d5 c5 8. g4 a6 9. a4 a5 10. Bg5 Qb6 11. Nd2 Na6 12. Nb5 Nb4 13. Be2 Kh8 14. Ra3 Ng8 15. Rg3 f6 16. Be3 Bh6 17. Bxh6 Nxh6 18. 0-0 Nf7 19. f4 Bd7 20. f5 g5 21. Kg2 Kg7 22. Rh1 Rh8 23. h4 h6 24. Rgh3 Qd8 25. Kf1 Rc8 26. Qb3 Qe7 27. Ke1 Qd8 28. Kd1 Qb6 29. Qe3 Rcg8 30. Kc1 Na6 31. b3 Qd8 32. Kb2 Nb4 33. R1h2 Na6 34. Nf3 Qe7 35. Qg1 Be8 36. Qh1 Nb8 37. Nc3 Nd7 38. Nd1 Nf8 39. Ne3 Qd8 40. hxg5 hxg5 41. Nxg5 Nxg5 42. Rxh8 Rxh8 43. Rxh8 Nfh7 44. Rxh7+ Nxh7 45. g5 Nxg5 46. Ng4 Nh7 47. Qh6+ Kg8 48. Ne3 Qe7 49. Bh5 Qf8 50. Qxf8+ 1/2-1/2

[Event "CRO-chT"]
[Site "Bol"]
[Date "2014.05.15"]
[Round "2.9"]
[White "Grgurevic, Boris"]
[Black "Drazic, Sinisa"]
[Result "0-1"]
[WhiteElo "2225"]
[BlackElo "2438"]
[PlyCount "116"]
[EventDate "2014.05.14"]
[EventType "team-swiss"]
[EventRounds "6"]
[EventCountry "CRO"]
[SourceTitle "CBM 160 Extra"]
[Source "ChessBase"]
[SourceDate "2014.07.01"]
[SourceVersion "1"]
[SourceVersionDate "2014.07.01"]
[SourceQuality "1"]
[WhiteTeam "Sibenik"]
[BlackTeam "Sesvete"]
[WhiteTeamCountry "CRO"]
[BlackTeamCountry "CRO"]

1. e4 d6 2. d4 Nf6 3. Nc3 g6 4. Nf3 Bg7 5. h3 0-0 6. Bd3 c5 7. dxc5 dxc5 8. Be3 Nfd7 9. Qd2 Nc6 10. Bb5 Qa5 11. Bxc6 bxc6 12. 0-0 Qb4 13. Rab1 Nb6 14. a3 Qc4 15. Qd3 Ba6 16. Rfd1 Bxc3 17. Qxc3 Qxc3 18. bxc3 Na4 19. Rd7 Nxc3 20. Re1 Nxe4 21. Rxe7 f5 22. Rd1 Rae8 23. Rxa7 Bc4 24. Rdd7 Rf7 25. Rxf7 Bxf7 26. Bf4 c4 27. Ng5 Nxg5 28. Bxg5 Re1+ 29. Kh2 Re2 30. Bh6 Bd5 31. Rg7+ Kh8 32. Ra7 Kg8 33. Rg7+ Kf8 34. c3 Rxf2 35. Rxg6+ Kf7 36. Rg7+ Kf6 37. Be3 Ra2 38. Bd4+ Ke6 39. h4 f4 40. Kh3 Be4 41. Kg4 c5 42. Kxf4 cxd4 43. Kxe4 d3 44. Rxh7 Rxg2 45. Rh6+ Ke7 46. Rh7+ Kd6 47. Rh6+ Kd7 48. Rh7+ Kc6 49. Rh6+ Kb5 50. Ke3 Re2+ 51. Kf3 Re1 52. Rd6 Ka4 53. h5 Kxa3 54. h6 Kb3 55. Kf4 Kxc3 56. Kf5 Rh1 57. Kg6 d2 58. h7 Kc2 0-1

[Event "CRO Cup 21st"]
[Site "Sibenik"]
[Date "2012.05.19"]
[Round "5.72"]
[White "Grgurevic, Boris"]
[Black "Ivic, Mateo"]
[Result "0-1"]
[WhiteElo "2243"]
[BlackElo "2298"]
[PlyCount "78"]
[EventDate "2012.05.16"]
[EventType "team-swiss"]
[EventRounds "6"]
[EventCountry "CRO"]
[SourceTitle "CBM 148 Extra"]
[Source "ChessBase"]
[SourceDate "2012.06.22"]
[SourceVersion "1"]
[SourceVersionDate "2012.06.22"]
[SourceQuality "1"]
[WhiteTeam "Sibenik"]
[BlackTeam "Split Brda"]
[WhiteTeamCountry "CRO"]
[BlackTeamCountry "CRO"]

1. e4 e5 2. Nf3 Nc6 3. Bc4 Nf6 4. d3 Bc5 5. 0-0 d6 6. c3 Bb6 7. h3 Be6 8. Nbd2 0-0 9. Bxe6 fxe6 10. Nc4 Qe8 11. Qe2 Nh5 12. Nxb6 axb6 13. g3 h6 14. Kg2 g5 15. Nh2 Qg6 16. Rh1 Rf7 17. g4 Nf4+ 18. Bxf4 Rxf4 19. f3 Raf8 20. Raf1 Ne7 21. Rf2 Qf7 22. Kf1 Ng6 23. Ke1 Nh4 24. Rhf1 Qd7 25. Kd2 Ng6 26. Qe3 d5 27. Kc1 c5 28. Qd2 Ra8 29. Kb1 Rff8 30. Rh1 Rfd8 31. Nf1 dxe4 32. dxe4 Qa4 33. b3 Rxd2 34. Rxd2 Qa5 35. Ng3 Qxc3 36. Rhd1 Nf4 37. h4 c4 38. Rc2 Qxf3 39. Nh5 Qxd1+ 0-1

[Event "CRO-chT1B 20th"]
[Site "Sibenik"]
[Date "2011.10.09"]
[Round "6.5"]
[White "Grgurevic, Boris"]
[Black "Ciganovic, Nikola"]
[Result "0-1"]
[WhiteElo "2230"]
[BlackElo "2255"]
[PlyCount "77"]
[EventDate "2011.10.04"]
[EventType "team-tourn"]
[EventRounds "9"]
[EventCountry "CRO"]
[SourceTitle "CBM 144 Extra"]
[Source "ChessBase"]
[SourceDate "2011.10.28"]
[SourceVersion "1"]
[SourceVersionDate "2011.10.28"]
[SourceQuality "1"]
[WhiteTeam "Sibenik"]
[BlackTeam "Pula"]
[WhiteTeamCountry "CRO"]
[BlackTeamCountry "CRO"]

1. e4 c5 2. b3 Nc6 3. Bb2 e5 4. Nc3 d6 5. Bc4 g6 6. Nd5 Bg7 7. Ne2 Nge7 8. 0-0 0-0 9. c3 Nxd5 10. Bxd5 Ne7 11. Bc4 a6 12. d4 b5 13. Bd3 exd4 14. cxd4 Nc6 15. Bb1 Qb6 16. dxc5 dxc5 17. Bxg7 Kxg7 18. Qc1 Rd8 19. Qe3 Nd4 20. Bd3 Be6 21. Nf4 c4 22. bxc4 bxc4 23. Rab1 Qd6 24. e5 Qe7 25. Be4 Rac8 26. Rb7 Rc7 27. Rfb1 Rxb7 28. Rxb7 Nc6 29. Rb1 Nxe5 30. Bc2 Qd6 31. h3 Nd3 32. Rd1 Bf5 33. g4 Qxf4 34. gxf5 Qxf5 35. Kf1 Rd6 36. Qg3 Rd5 37. Rd2 Qe4 38. Re2 Qh1+ 39. Qg1 0-1

[Event "CRO-chT1B 19th"]
[Site "Sibenik"]
[Date "2010.09.10"]
[Round "7"]
[White "Grgurevic, Boris"]
[Black "Sasvari, Zelimir"]
[Result "0-1"]
[WhiteElo "2219"]
[BlackElo "2225"]
[PlyCount "72"]
[EventDate "2010.09.04"]
[EventType "team-tourn"]
[EventRounds "9"]
[EventCountry "CRO"]
[SourceTitle "CBM 138 Extra"]
[Source "ChessBase"]
[SourceDate "2010.10.29"]
[SourceVersion "1"]
[SourceVersionDate "2010.10.29"]
[SourceQuality "1"]

1. e4 c5 2. c3 Nf6 3. e5 Nd5 4. d4 e6 5. Nf3 d6 6. Be2 cxd4 7. cxd4 Nc6 8. 0-0 dxe5 9. Nxe5 Nxe5 10. dxe5 Bd7 11. b3 Rc8 12. Bf3 Bc6 13. Ba3 Bxa3 14. Nxa3 0-0 15. Nc4 Qg5 16. g3 Rfd8 17. h4 Qe7 18. Nd6 Rc7 19. Bxd5 Bxd5 20. Rc1 Rxc1 21. Qxc1 f6 22. f4 Rf8 23. Qc3 Qd8 24. Qc5 h6 25. Rd1 fxe5 26. fxe5 b6 27. Qc3 b5 28. Rd2 Qb6+ 29. Qd4 Qc6 30. Kh2 Rf1 31. Kh3 Qc1 32. Rf2 Rh1+ 33. Kg4 Qb1 34. h5 Qc1 35. Rf4 Rh2 36. Rf8+ Kxf8 0-1